Statistics for Disney Characters beginning with the letter B

Click here to take the quiz!

General Stats

  • This quiz has been taken 45 times
  • The average score is 6 of 34

Answer Stats

Answer% Correct
Belle
84%
Beast
73%
Bambi
62%
Baloo
57%
Bashful
35%
Bagheera
27%
Bernard
24%
Bolt
19%
Banzai
16%
Ben
16%
B.E.N
16%
Berlioz
16%
Blue fairy
14%
Bear
11%
Basil of Baker street
8%
Bella
8%
Blake
8%
Babette
5%
Babyface beagle
5%
Bacon beagle
5%
Baggy Beagle
5%
Baker
5%
Ballerina
5%
Bankjob beagle
5%
Baylene
5%
Beaver
5%
Big Al
5%
Bimbette
5%
Blaze
5%
Bonnie Hopps
5%
Buck
5%
Bruno the dog
3%
Bugle Beagle
3%
Backwards beagle
0%

Score Distribution

Percentile by Number Answered

Percent of People with Each Score

Your Score History

You have not taken this quiz